00932nam a22002777a 450000500170000001000130001702000110003003500130004103700160005404000120007008200180008210000300010024501150013025000110024526000440025627000140030030000240031450000200033865000320035865000320039070000290042270000280045194200270047999900190050695201290052520170124110255.0 aA-371424 c100.00 aA-371424 bCen Lib/Ret aDPLbEN a658.4034bBUD aBudnick, Frank S. 926514 aPrinciples of operations research for management /cby Frank S. Budnick, Dennis Mcleavey [and] Richard Mojena  a2nd ed aNew York bRichard D. Irwin, Inc c1988 bNew York  axx, 988p.c21cm(Hb) aIncludes index  aResearch management 926515 aOperations, process 926516 aMcleavey, Dennis 926517 aMojena, Richard 926518 2ddccENh658.4034mBUD c136193d136193 00104070aLbLd2015-12-26eCen Lib/Retg100.00l0o658.4034 BUDpA-371424r2015-12-26 00:00:00t1v100.00w2015-12-26yEN